|
|
|
|
| LEADER |
00634nab a2200193 i 4500 |
| 001 |
misc74244 |
| 005 |
20231107111055.0 |
| 008 |
231107s1986 hu o 000 hun d |
| 022 |
|
|
|a 0139-3898
|
| 040 |
|
|
|a SZTE Miscellanea Repozitórium
|b hun
|
| 041 |
|
|
|a hun
|
| 100 |
1 |
|
|a D(aniss) Gy(őző)
|
| 245 |
1 |
2 |
|a A C-vitamin varázslója
|h [elektronikus dokumentum] /
|c D(aniss) Gy(őző)
|
| 260 |
|
|
|a Kossuth Kiadó
|c 1986
|
| 300 |
|
|
|a 344-349
|
| 490 |
0 |
|
|a Évfordulók 1987
|
| 561 |
|
|
|a Szent-Györgyi Albertről szóló irodalom
|
| 700 |
0 |
1 |
|a Gárdos Miklós
|
| 856 |
4 |
0 |
|u http://misc.bibl.u-szeged.hu/74244/1/szgya_1986_002.pdf
|z Dokumentum-elérés
|